000
00320nam a2200145Ia 4500
005
20251222154407.0
008
251222s9999||||xx |||||||||||||| ||spa||
020
_a
60925684
082
_a
864/S22
100
_a
Sánchez, Charo
245
0
_a
Latidos
250
_a
1ra.ed.
264
_b
Gruo Kultea, S.L.
942
_c
LIB
999
_c
35503
_d
35503